Statistics for The Wind Quiz

Click here to take the quiz!

General Stats

  • This quiz has been taken 97 times
  • The average score is 11 of 24

Answer Stats

HintAnswer% Correct
Strong tropical cyclone occurring in the Atlantic or northeastern Pacific Oceanhurricane
89%
Structure that converts wind power into rotational energy by means of vaneswindmill
89%
Word that means "a light wind"breeze
88%
Violently rotating column of air between the Earth and a cumulonimbus cloudtornado
85%
Mature tropical cyclone between 180° and 100°E in the Northern Hemispheretyphoon
68%
A strong wind, typically used as a descriptor in nautical contextsgale
64%
A large scale air mass that rotates around a center of low atmospheric pressurecyclone
58%
1936 novel by Margaret MitchellGone with the Wind
57%
Seasonal reversing wind accompanied by corresponding changes in precipitation{monsoon}
57%
A light wind or a west wind (named after a Greek god){zephyr}
56%
R&B, soul, funk, jazz, disco, pop band founded in 1969Earth, Wind, and Fire
49%
1973 song by Elton JohnCandle in the Wind
47%
1963 song by Bob DylanBlowin' in the Wind
43%
1908 children's book by Kenneth GrahameThe Wind in the Willows
42%
1995 song by PocahontasColors of the Wind
33%
Mediterranean wind coming from the Sahara, especially strong during the summer{sirocco}
26%
Strong, dry downslope winds that originate inland and affect southern California{Santa} {Ana} winds
21%
Prevailing warm, generally westerly winds in western North America{chinook}
17%
1977 song by KansasDust in the Wind
17%
2002 game in the Zelda seriesThe Wind Waker
17%
A type of intense dust storm carried on an atmospheric gravity current{haboob}
11%
Libyan Arabic term for the above ("coming from the Qibla"){ghibli}
10%
Warm SW wind in Mediterranean Spain, or hot southerly wind from the Sahara{leveche}
7%
A southeastern wind in the South American pampas{pampero}
7%

Score Distribution

Percentile by Number Answered

Percent of People with Each Score

Your Score History

You have not taken this quiz